000 01739ncm a2200277 i 4500
001 107040
003 ES-MaACL
005 20251003185426.0
007 t|
008 061121s1971 it ||| r||||||||1| spa d
100 0 _aMorales, Cristóbal de,
_d1500-1553
_982979
245 1 0 _aOpera Omnia
_b: vol.VIII Motetes LI-LXXV [
_hMúsica impresa] /
_cCristobal Morales; transcripción de Higinio Anglés.
260 _aRoma :
_bEscuela Española de Historia y Arqueología,
_c1971.
300 _a1 partitura (28, [2], 134 p.). ;
_c32 cm.
490 1 _aMonumentos de la música española ;
_v34
500 _aCon: Estudio musicológico y anotaciones críticas, y reprod. facsímil de las obras, en diferentes ediciones.
505 8 _aContiene: Domine Deus, Agnus Dei ; At illi dixerunt ; Asperges me, Domine ; Vidi aquam ; Ad tantae Nativitatis invitemur laetitia ; Simile est regnum coelorum ; In illo tempore : cum turba plurima ; Peccantem me quotidie ; Vae, Babylon, civitas magna ; In illo tempore : assumpsit Iesus ; Vigilate et orate ; Inclina, Domine, aurem tuam ; Salve, Regina ; Apostole Christi Iacobe ; Sacerdos et pontifex ; Qui consolabatur me ; Emendemus in melius ; Spem in alium nunquam habui ; Circumdederunt me gemitus mortis ; Manus tuae, Domine ; Regina coeli, laetare ; Andreas Christi famulus. Apéndice : Virgo Maria ; Descendit Angelus ; Manus tuae, Domine
650 4 _aMotetes.
_9170306
650 4 _aCoros religiosos.
_9167477
700 1 _aAnglés, Higinio,
_d1888-1969
_921747
710 2 _aEscuela Española de Historia y Arqueología en Roma.
_9165844
830 1 _aMonumentos de la música española ;
_v34
_9181762
852 4 _aES-MaACL
_jC-55017
942 _2udc
999 _c107040
_d107040